000 00638nam a2200193Ia 4500
005 20240530101926.0
008 140319s1988 xx 000 0 ara d
040 _aGCL /
_cGCL
082 0 4 _a411.5 /
_bب ا
100 _aالبدراوى زهران
245 1 0 _aاسلوب طه حسين فى ضوء الدرس اللغوى الحديث /
_cالبدراوى زهران
250 _aالاولى
260 _aالقاهرة :
_bدار المعارف،
_c1988
300 _a110 ص؛
_b20سم
650 _2طه حسين
650 _2اللغة العربية
942 _2ddc
_cBK
999 _c28757
_d28757